02949cam a22003615a 45000010009000000050017000090080041000260200043000670200040001100400038001500820020001881000029002082400058002372450085002952500012003802600063003923000033004555000134004885000025006225000027006475040032006745050491007065201031011976500050022286500028022786500036023066510010023426530032023527000021023849420008024059990017024139520157024301776102520201128021427.0130529t2014 flua frbd 001 0 eng d a9781444179927 (paperback : alk. paper) a1444179926 (paperback : alk. paper) aDNLM/DLCcDLCdDLCdEG-ScBUEbeng04a610.73222bGRO1 aGross, Richard D.93912910aPsychology for nurses and allied health professionals10aPsychology for nurses and health professionals /cRichard Gross, Nancy Kinnison. a2nd ed. aBoca Raton :bCRC Press / Taylor & Francis Group,cc.2014. axv, 515 p. :bill. ;c25 cm. aPreceded by: Psychology for nurses and allied health professionals / Richard Gross, Nancy Kinnison. London : Hodder Arnold, 2007. aIndex : p. 497-515.  aGlossary : p. 439-455. aBibliography : p. 457-496. 0 aWhat is psychology? -- Theoretical approaches -- Psychological aspects of illness -- Stress -- Effects and methods of coping -- Attitudes and attitude change -- Prejudice and discrimination -- Conformity -- Obedience -- Social cognition and health behavior -- Neuropsychological and genetic aspects of illness -- Substance use and abuse -- Death and dying -- Early experience and social development -- Cognitive development -- Self-concept -- Adolescence -- Adulthood -- Late adulthood. a"Psychology for Nurses and Allied Health Professionals is a practical and accessible guide providing comprehensive coverage of psychology for nurses and health care professionals in training and practice. Key features include: fully updated and restructured to ensure content matches training requirements for nurses and healthcare practitioners; stronger focus on the biopsychosocial model, therapeutic relationships and self-awareness; more practical examples to highlight application with theories demonstrated through scenarios relevant to all fields of practice; accessible style with case studies, reflection points, key points, summary boxes and glossary; free HodderPlus website with lecturer PowerPoints, extension material, MCQs and exercises. Written by the bestselling psychology author, Richard Gross, and Nancy Kinnison, a highly experienced nurse and lecturer, this is an essential guide to applying theoretical aspects of psychology to the practical aspects of nursing and health care"--Provided by publisher. 7aNursingxPsychological aspects.2BUEsh937366 7aPsychology.2BUEsh9890 0aSickxPsychology.2BUEsh939130 2BUEsh bNNURcJuly2015cJanuary20161 aKinnison, Nancy. 2ddc c20316d20288 00102ddc40708BaccahaMAINbMAINc1STd2015-07-08epurchaseg293.00h21782l3m19o610.73 GROp000039376r2025-07-15 00:00:00s2017-06-14v366.00yBB